000 00944nam a2200277 i 4500
003 DO-SdBNP
005 20250717064547.0
007 ta
008 250716b2024 dr ||||| |||| 00| 0 spa d
020 _a9789945509519
040 _aDO-SdBNP
_bspa
_cBNPHU
_erda
041 _aspa
082 _axxx
_bR457
_222
100 1 _aReyes Núñez, Odri
_eautora
_4aut.
_987220
245 0 3 _aEl proyecto de reforma al código de trabajo dominicano 2024:
_b¿Protección para trabajadoras y trabajadores o reducción de derechos laborales? /
_cOdri Reyes Núñez
264 _aSanto Domingo :
_bFundación Friedrich Ebert Stiftung,
_c2024.
300 _a19 páginas :
_c30 cm.
336 _atexto
_btxt
_2rdacontent
337 _asin mediación
_bn
_2rdamedia
338 _avolumen
_bnc
_2rdacarrier
490 1 _aTrabajo y justicia social
490 1 _aAnálisis
590 _aInventariado, 2025/ YL
910 _aYLockward
942 _2ddc
_cLF2
999 _c58445
_d58445